[Event "Budapest Spring Open 2017"]
[Site "masterchessopen.com Budapest HUN"]
[Date "2017.03.23"]
[Round "6.4"]
[White "Kovalev,Vl"]
[Black "Atabayev,M"]
[Result "1-0"]
[WhiteElo "2598"]
[BlackElo "2512"]
[EventType "swiss"]

1.e4 c5 2.Nf3 d6 3.d4 cxd4 4.Nxd4 Nf6 5.Nc3 Nc6 6.Bg5 Bd7 7.Qd2 Rc8 8.O-O-O
Nxd4 9.Qxd4 Qa5 10.f4 h6 11.Bxf6 gxf6 12.Bc4 Qc5 13.Bb3 Qxd4 14.Rxd4 Rc5
15.Nd5 h5 16.c3 h4 17.Ba4 b5 18.Bc2 Bg7 19.Re1 e6 20.Nb4 Bh6 21.g3 Rg8 22.Nd3
Rc6 23.a4 hxg3 24.hxg3 Rxg3 25.Rh1 e5 26.axb5 Rb6 27.Ra4 Rg6 28.Rxa7 f5 29.Nb4
Rb8 30.exf5 Bxf4+ 31.Kb1 Rh6 32.Rg1 Rh8 33.Nd5 Bxb5 34.Be4 Kf8 35.f6 Be8 36.b4
Rc8 37.Kb2 Rc4 38.Ra8 Rh6 39.Rg8+ {#r} 1-0

[Event "Budapest Spring Open 2017"]
[Site "masterchessopen.com Budapest HUN"]
[Date "2017.03.23"]
[Round "6.6"]
[White "Magen,Daniel"]
[Black "Indjic,A"]
[Result "0-1"]
[WhiteElo "2144"]
[BlackElo "2569"]
[EventType "swiss"]

1.e4 c5 2.Nf3 d6 3.d4 cxd4 4.Nxd4 Nf6 5.Nc3 a6 6.Nb3 g6 7.Be3 Bg7 8.Qd2 Nbd7
9.Bh6 Bxh6 10.Qxh6 b5 11.Bd3 Bb7 12.a3 Qb6 13.O-O Ne5 14.Kh1 Rg8 15.Qd2 g5
16.Qe2 h5 17.a4 b4 18.a5 Qc7 19.Na2 d5 20.Nxb4 dxe4 21.Nxa6 Rxa6 22.Bxa6 Neg4
23.f4 exf3 24.Bb5+ Kf8 25.gxf3 Ne5 26.a6 Ba8 27.Na5 g4 28.Nb7 gxf3 29.Qd2 f2
30.Rxf2 Bxb7+ 31.axb7 Qxb7+ 32.Rg2 Rxg2 33.Qxg2 Qxb5 34.Ra8+ Ne8 35.b3 Ng6
36.Ra4 Nf6 37.h3 h4 38.Qf3 Nh5 39.Rg4 Ng3+ 40.Kh2 Qe5 41.Rxg6 Nf5+ 42.Kg2 fxg6
43.c4 Kg7 {#R} 0-1

[Event "Budapest Spring Open 2017"]
[Site "masterchessopen.com Budapest HUN"]
[Date "2017.03.23"]
[Round "6.12"]
[White "Golubov,Saveliy"]
[Black "Nagy,Ga1"]
[Result "1-0"]
[WhiteElo "2506"]
[BlackElo "2448"]
[EventType "swiss"]

1.d4 Nf6 2.Nf3 c5 3.e3 g6 4.Bd3 Bg7 5.O-O b6 6.d5 O-O 7.c4 d6 8.Nc3 a6 9.h3 e6
10.e4 Ra7 11.Be3 Re7 12.Qd2 Nbd7 13.dxe6 fxe6 14.Rad1 Ne5 15.Be2 Rd7 16.Ng5
Qe7 17.f4 Nc6 18.f5 gxf5 19.exf5 exf5 20.Rxf5 Nd4 21.Bxd4 cxd4 22.Qxd4 d5
23.cxd5 Rdd8 24.d6 Rxd6 25.Qxd6 Qe3+ 26.Kh1 Bxf5 27.Bc4+ Kh8 28.Nf7+ Rxf7
29.Bxf7 h5 30.Nd5 Nxd5 31.Qxd5 Qf4 32.Qd8+ Kh7 33.Bg8+ Kh6 34.Qxb6+ Kg5
35.Qd8+ Bf6 36.Qd2 {#r} 1-0

[Event "Budapest Spring Open 2017"]
[Site "masterchessopen.com Budapest HUN"]
[Date "2017.03.23"]
[Round "6.14"]
[White "Bellia,F"]
[Black "Kobo,Ori"]
[Result "0-1"]
[WhiteElo "2439"]
[BlackElo "2501"]
[EventType "swiss"]

1.d4 Nf6 2.Nf3 d5 3.e3 c5 4.b3 Nc6 5.Bd3 Bg4 6.Bb2 cxd4 7.exd4 e6 8.O-O Bd6
9.Nbd2 O-O 10.a3 Bf4 11.Be2 Rc8 12.g3 Bh6 13.Ne1 Bh3 14.Ng2 Qa5 15.Nf3 Ne4
16.b4 Qa4 17.Bd3 Bg4 18.Re1 Nd2 19.Ngh4 Ne7 20.Bc1 Nxf3+ 21.Nxf3 Bxc1 22.Rxc1
Nc6 23.c3 Qxd1 {#R} 0-1

[Event "Budapest Spring Open 2017"]
[Site "masterchessopen.com Budapest HUN"]
[Date "2017.03.23"]
[Round "6.21"]
[White "Kantor,G"]
[Black "Bukal,V jr"]
[Result "0-1"]
[WhiteElo "2479"]
[BlackElo "2396"]
[EventType "swiss"]

1.d4 e6 2.c4 b6 3.e4 Bb7 4.Bd3 Bb4+ 5.Kf1 c5 6.d5 b5 7.Ne2 Ne7 8.Bg5 f6 9.Be3
O-O 10.a3 Ba5 11.Bxc5 f5 12.Nbc3 Na6 13.Bxe7 Qxe7 14.cxb5 Nc5 15.exf5 Bb6
16.Bc2 exf5 17.Ng3 Qe5 18.Qe2 Ne4 19.Ngxe4 fxe4 20.f3 e3 21.Rd1 Rac8 22.Qd3
Qh5 23.Ke2 g6 24.h4 Rf7 25.Rh3 d6 26.Qe4 Rcf8 27.g4 Qh6 28.h5 Bc8 29.Rdh1 g5
30.Qc4 Qf6 31.h6 Rc7 32.Qd3 Kh8 33.Kd1 Bd4 34.Ne4 Qe5 35.Ke2 Bxb2 36.Rd1 Bd7
37.a4 Be8 38.Kxe3 Bg6 39.Bb1 Rc3 40.Qxc3 Bxc3 41.Ke2 Ba5 42.Rhh1 Qb2+ {#R} 0-1

[Event "Budapest Spring Open 2017"]
[Site "masterchessopen.com Budapest HUN"]
[Date "2017.03.23"]
[Round "6.23"]
[White "Drori,Saar"]
[Black "Atabayev,Y"]
[Result "0-1"]
[WhiteElo "2368"]
[BlackElo "2470"]
[EventType "swiss"]

1.e4 c5 2.Nf3 d6 3.d4 cxd4 4.Nxd4 Nf6 5.Nc3 a6 6.h3 e5 7.Nde2 h5 8.g3 Nbd7
9.a4 b6 10.Bg2 Bb7 11.O-O Be7 12.Bg5 Rc8 13.Qd2 O-O 14.Rfd1 Rc7 15.Qe3 Rc5
16.Qd2 Qc7 17.Be3 Rc4 18.b3 Rc6 19.Qd3 Rc8 20.Bd2 Rc5 21.Rab1 Qb8 22.Rbc1 Qc7
23.Rb1 g6 24.Rb2 Bf8 25.Rbb1 Qb8 26.Rbc1 Qc7 27.Rb1 Kh7 28.Rb2 Bh6 29.Be1 Ne8
30.Kh2 Ndf6 31.Rbb1 Qb8 32.Kg1 b5 33.axb5 axb5 34.Nd5 Nxd5 35.exd5 f5 36.Bb4
e4 37.Qd4 Rxd5 38.Qb6 Rc6 39.Qa5 Ra6 {#R} 0-1

[Event "Budapest Spring Open 2017"]
[Site "masterchessopen.com Budapest HUN"]
[Date "2017.03.23"]
[Round "6.25"]
[White "Stocko,J"]
[Black "Grinberg,E"]
[Result "0-1"]
[WhiteElo "2334"]
[BlackElo "2451"]
[EventType "swiss"]

1.e4 c5 2.Nf3 d6 3.d4 cxd4 4.Nxd4 Nf6 5.Nc3 a6 6.Bg5 Nbd7 7.Qe2 h6 8.Bh4 g6
9.f4 e5 10.fxe5 dxe5 11.O-O-O Qc7 12.Nb3 Be7 13.Qf3 g5 14.Bf2 g4 15.Qd3 Nb6
16.Nd5 Nbxd5 17.exd5 Bd6 18.Bh4 Nh5 19.g3 Bd7 20.h3 Rc8 21.hxg4 Bxg4 22.Be2
Bxe2 23.Qxe2 Qc4 24.Rd3 Rg8 25.Kb1 Nxg3 26.Qg2 Nxh1 27.Qxg8+ Bf8 28.Nd4 exd4
29.Qg2 Nf2 30.Qxf2 Qxd5 31.a3 Bg7 32.Qe2+ Kf8 33.Be7+ Kg8 34.Rg3 Rc6 35.Bb4
Rg6 36.Qe8+ Kh7 37.Rb3 Rg1+ 38.Ka2 Rg3 39.Qc8 Rxb3 40.cxb3 d3 41.Qc7 Bf6
42.Qf4 Bg5 {#R} 0-1

[Event "Budapest Spring Open 2017"]
[Site "masterchessopen.com Budapest HUN"]
[Date "2017.03.23"]
[Round "6.26"]
[White "Boros,De"]
[Black "Secheres,Ad"]
[Result "1-0"]
[WhiteElo "2441"]
[BlackElo "2284"]
[EventType "swiss"]

1.e4 c5 2.Nf3 e6 3.Be2 Nc6 4.O-O Nf6 5.Nc3 d5 6.exd5 Nxd5 7.d4 cxd4 8.Nxd4 Be7
9.Nxd5 exd5 10.Bb5 Bd7 11.Nb3 Be6 12.Be3 O-O 13.Re1 Re8 14.Bc5 Bf6 15.c3 Qc7
16.Qf3 a6 17.Bxc6 bxc6 18.Re2 Qd7 19.Rae1 Bf5 20.Bd4 Be7 21.h3 Bd6 22.Bc5 Rxe2
23.Rxe2 Be6 24.Bxd6 Qxd6 25.Qe3 h6 26.Nc5 a5 27.Qd4 Bf5 28.Re5 Bb1 29.a3 Bg6
30.f4 Bc2 31.c4 f6 32.Re6 Qd8 33.Rxc6 Be4 34.Nxe4 dxe4 35.Qxe4 Rb8 36.Qe6+ Kh8
37.Kh2 {#r} 1-0

[Event "Budapest Spring Open 2017"]
[Site "masterchessopen.com Budapest HUN"]
[Date "2017.03.23"]
[Round "6.32"]
[White "Kargin,A"]
[Black "Martynov,Roman"]
[Result "0-1"]
[WhiteElo "2433"]
[BlackElo "2288"]
[EventType "swiss"]

1.e4 c6 2.d4 d5 3.Nc3 dxe4 4.Nxe4 Nd7 5.Nf3 Ngf6 6.Nc3 e6 7.Bd3 c5 8.Qe2 cxd4
9.Nxd4 Be7 10.Bf4 a6 11.O-O-O O-O 12.g4 Re8 13.Bg3 Nf8 14.Nf3 Qa5 15.Ne5 Nd5
16.Nxd5 exd5 17.Kb1 f6 18.Bxh7+ Kxh7 19.g5 Kg8 20.Qh5 Be6 21.Rd4 fxe5 22.Rh4
d4 23.a3 Bf5 24.Qh8+ Kf7 25.Qh5+ Ng6 {#R} 0-1

[Event "Budapest Spring Open 2017"]
[Site "masterchessopen.com Budapest HUN"]
[Date "2017.03.23"]
[Round "6.34"]
[White "Almasi,I"]
[Black "Semiev,S"]
[Result "0-1"]
[WhiteElo "2415"]
[BlackElo "2270"]
[EventType "swiss"]

1.e4 d5 2.exd5 Qxd5 3.Nc3 Qd6 4.d4 Nf6 5.Nf3 c6 6.Ne5 Nbd7 7.Nc4 Qe6+ 8.Be2 b5
9.Ne3 Nb6 10.Bf3 b4 11.Ne2 g5 12.O-O h5 13.g3 h4 14.g4 Qd6 15.c4 bxc3 16.bxc3
Nfd5 17.c4 Nxe3 18.fxe3 Qc7 19.Nc3 e6 20.c5 Nd5 21.Nxd5 cxd5 22.e4 dxe4
23.Bxe4 Rb8 24.Bxg5 Bh6 25.Bf6 Bf4 26.Bxh8 Rb2 27.Qf3 Be3+ 28.Rf2 Rxf2 29.Qxf2
Bxf2+ 30.Kxf2 Qf4+ {#R} 0-1

[Event "Budapest Spring Open 2017"]
[Site "masterchessopen.com Budapest HUN"]
[Date "2017.03.23"]
[Round "6.38"]
[White "Brustkern,J"]
[Black "Kumsiashvili,N"]
[Result "0-1"]
[WhiteElo "2215"]
[BlackElo "2383"]
[EventType "swiss"]

1.d4 Nf6 2.c4 e6 3.Nc3 Bb4 4.Qc2 O-O 5.Bg5 c5 6.dxc5 Na6 7.a3 Bxc3+ 8.Qxc3
Nxc5 9.f3 Nfe4 10.Bxd8 Nxc3 11.Be7 Nb3 12.Bxf8 Kxf8 13.Rd1 Nxd1 14.Kxd1 b6
15.Kc2 Na5 16.b3 Ba6 17.Nh3 Rc8 18.Kb2 b5 19.cxb5 Bxb5 20.e4 Bxf1 21.Rxf1 Rb8
22.b4 Nc4+ 23.Ka2 Ne3 24.Rc1 Nxg2 25.Rc7 a5 26.Rxd7 axb4 27.axb4 Ke8 28.Ra7
Rxb4 29.Ng5 Rd4 30.Nxf7 Rd7 31.Rxd7 Kxd7 32.Kb3 Ke7 33.Ne5 Kf6 34.Nd3 Nh4
35.f4 Nf3 36.h3 Nd2+ 37.Kc3 Nxe4+ 38.Kd4 Kf5 39.Ke3 Nc3 40.Kf3 Nd5 41.h4 g6
42.Kg3 Nf6 43.Kf3 Nh5 44.Ke3 Kg4 45.Ke4 Kxh4 46.Nc5 Ng7 47.Nd7 Kg3 48.Nf8 h5
49.Nxg6 h4 50.Ke5 h3 {#R} 0-1

[Event "Baltic Zonal Vilnius 2017"]
[Site "masterchessopen.com Vilnius LTU"]
[Date "2017.03.23"]
[Round "4.3"]
[White "Kulaots,K"]
[Black "Kveinys,A"]
[Result "1-0"]
[WhiteElo "2582"]
[BlackElo "2509"]

1.e4 e5 2.Nf3 Nc6 3.Bb5 a6 4.Ba4 Nf6 5.O-O Be7 6.Re1 b5 7.Bb3 d6 8.c3 O-O 9.h3
Nb8 10.d4 Nbd7 11.Nbd2 Bb7 12.Bc2 Re8 13.Nf1 Bf8 14.Ng3 g6 15.a4 Bg7 16.Bd3 c6
17.Bg5 Qc7 18.Qd2 Nf8 19.Red1 Ne6 20.Be3 Nd7 21.Bf1 Rad8 22.Qc2 Rc8 23.Rd2 Qb8
24.axb5 axb5 25.dxe5 Nxe5 26.Nd4 Nc5 27.b3 Ned7 28.b4 Na4 29.Rad1 Nf8 30.c4 d5
31.c5 Be5 32.exd5 Bxg3 33.d6 Be5 34.Nf3 Nd7 35.Nxe5 Rxe5 36.Bd4 Re6 37.f4 Rce8
38.f5 Re1 39.Rxe1 Rxe1 40.Re2 Rxe2 41.Qxe2 Qf8 42.Qe7 Bc8 43.Bd3 Nb8 {#r} 1-0

[Event "Baltic Zonal Vilnius 2017"]
[Site "masterchessopen.com Vilnius LTU"]
[Date "2017.03.23"]
[Round "4.10"]
[White "Krupenski,Y"]
[Black "Brazdzionis,A"]
[Result "0-1"]
[WhiteElo "2426"]
[BlackElo "2288"]

1.d4 Nf6 2.c4 e6 3.Nf3 d5 4.e3 b6 5.b3 Bb7 6.cxd5 exd5 7.Bd3 Bd6 8.Ba3 O-O
9.O-O Bxa3 10.Nxa3 Qe7 11.Nb5 a6 12.Nc3 Nbd7 13.Rc1 g6 14.Na4 Rfc8 15.Qd2 Qd6
16.Qb2 c5 17.dxc5 bxc5 18.Rfd1 d4 19.Be2 Ng4 20.h3 Bxf3 21.hxg4 Bxe2 22.Qxe2
Re8 23.Qf3 Rad8 24.Nb2 Qf6 25.Nc4 Qxf3 26.gxf3 Nf6 27.Kf1 h5 28.gxh5 Nxh5
29.Kg2 Ng7 30.f4 Ne6 31.Kf3 Kg7 32.Ne5 Rh8 33.Kg3 Rhe8 34.Kf3 Rh8 35.Kg3 Rhe8
36.Nc4 Rb8 37.Rh1 Rbd8 38.Kf3 Rh8 39.Rcg1 Rxh1 40.Rxh1 Rb8 41.Ke4 Rd8 42.f5
Nc7 43.fxg6 fxg6 44.Rg1 Nb5 45.Ne5 d3 46.Rxg6+ Kh7 47.Kf5 d2 48.Nf3 Rf8+
49.Kg5 Rxf3 {#R} 0-1

[Event "10th Remberto Fernandez"]
[Site "masterchessopen.com Havana CUB"]
[Date "2017.03.23"]
[Round "8.1"]
[White "Jaquez,J"]
[Black "Michel Coto,M"]
[Result "0-1"]
[WhiteElo "2256"]
[BlackElo "2385"]

1.e4 e5 2.Nf3 Nc6 3.Bb5 a6 4.Ba4 Nf6 5.O-O b5 6.Bb3 Bc5 7.c3 d6 8.d4 Bb6 9.Bd5
Nxd5 10.exd5 Ne7 11.Re1 f6 12.b3 O-O 13.h3 Nxd5 14.c4 Ne7 15.Ba3 b4 16.Bxb4
exd4 17.Nbd2 c5 18.Ba3 Ng6 19.b4 Qc7 20.Nb3 Bb7 21.Nfd2 Nf4 22.bxc5 dxc5
23.Ne4 Nxg2 24.Nexc5 Nxe1 25.Nxb7 Qxb7 26.Qxe1 Rfe8 27.Qb4 Rab8 28.c5 Bc7
29.Qxb7 Rxb7 30.Kf1 Rd8 31.Nd2 d3 32.Nc4 Rd4 33.Nd6 Bxd6 34.cxd6 d2 35.Rd1 Rb1
{#R} 0-1

[Event "10th Remberto Fernandez"]
[Site "masterchessopen.com Havana CUB"]
[Date "2017.03.23"]
[Round "8.2"]
[White "Soto Hernandez,H"]
[Black "Arvola,B"]
[Result "1-0"]
[WhiteElo "2434"]
[BlackElo "2323"]

1.d4 Nf6 2.c4 g6 3.Nc3 d5 4.Nf3 Bg7 5.cxd5 Nxd5 6.Bg5 c5 7.Rc1 Nxc3 8.bxc3 Qa5
9.Qd2 Bg4 10.d5 Nd7 11.e3 h6 12.Bf4 O-O 13.c4 Qa3 14.Bd3 e5 15.dxe6 Bxe6
16.O-O Rad8 17.Qe2 Nb6 18.Be4 Qb4 19.Ne5 Rfe8 20.a3 Qxa3 21.Qf3 Bf5 22.Bxf5
Bxe5 23.Bxe5 Rxe5 24.Bxg6 fxg6 25.Qf6 Ree8 26.Qxg6+ Kf8 27.Qxh6+ Kg8 28.Qg6+
Kf8 29.Qf6+ Kg8 30.Rc3 Qb2 31.e4 Qxc3 32.Qxc3 Rxe4 33.Qg3+ Kh8 34.Qg5 Red4
35.Re1 Nxc4 36.h3 R8d7 37.Qh6+ {#r} 1-0

[Event "10th Remberto Fernandez"]
[Site "masterchessopen.com Havana CUB"]
[Date "2017.03.23"]
[Round "8.3"]
[White "Fernandez Cardoso,A"]
[Black "Abreu Jean,Carlos Paul"]
[Result "1-0"]
[WhiteElo "2431"]
[BlackElo "2292"]

1.e4 e6 2.Nf3 d5 3.e5 c5 4.b4 cxb4 5.d4 Nc6 6.a3 Bd7 7.axb4 Bxb4+ 8.c3 Be7
9.Bd3 f5 10.O-O Nh6 11.Kh1 Nf7 12.Ng1 Na5 13.Nh3 Qb6 14.Na3 Qb3 15.Qd2 Rc8
16.Bb2 Qb6 17.Qe2 O-O 18.g4 fxg4 19.Rg1 Nh6 20.Bc1 Nf5 21.Qxg4 Rf7 22.Bd2 Qd8
23.Bc2 a6 24.Nb1 Qb6 25.Ra2 Nc4 26.Bg5 Bf8 27.Nf4 Nxe5 28.dxe5 d4 29.Be4 Bc6
30.f3 Ne3 31.Qxe6 Re8 32.Qh3 Bxe4 33.fxe4 Rxe5 34.cxd4 Rxg5 35.Rxg5 Qxb1+
36.Rg1 Qxe4+ 37.Ng2 Ng4 38.Qb3 Qxd4 39.Rf1 Nf6 40.Raf2 b5 41.Rf4 Qe5 42.Ne3
Bd6 43.Ng4 Qg5 44.Nxf6+ gxf6 45.Rxf6 {#r} 1-0

[Event "10th Remberto Fernandez"]
[Site "masterchessopen.com Havana CUB"]
[Date "2017.03.23"]
[Round "8.4"]
[White "Cruz de la Osa,R"]
[Black "Lopez Gonzalez,A"]
[Result "0-1"]
[WhiteElo "2263"]
[BlackElo "2392"]

1.e4 d5 2.exd5 Nf6 3.Nf3 Bg4 4.Be2 Qxd5 5.d4 Nc6 6.O-O O-O-O 7.c4 Qf5 8.d5
Bxf3 9.Bxf3 Ne5 10.Be2 e6 11.Qa4 a6 12.dxe6 fxe6 13.Be3 Neg4 14.Qb3 Qe5 15.g3
Nxe3 16.Qxe3 Qxe3 17.fxe3 Bc5 18.Bf3 e5 19.Nc3 Bxe3+ 20.Kh1 Rd2 21.Rab1 h5
22.Rfd1 Rc2 23.Re1 Bd4 24.Re2 Rxe2 25.Nxe2 c5 26.h3 e4 27.Bg2 Be5 28.Rd1 Bxb2
29.Nf4 Re8 30.Re1 Bc3 31.Re2 Kc7 32.Nd5+ Nxd5 33.cxd5 e3 34.Bf3 Bd2 35.Bxh5
Re5 36.Bf7 Kd6 37.h4 c4 38.g4 c3 39.Bg6 Kxd5 40.Kg2 Kd4 41.Bc2 Ra5 42.a4 b5
43.axb5 axb5 44.Kf3 Ra2 {#R} 0-1

[Event "11th ch-SRB 2017"]
[Site "masterchessopen.com Kragujevac SRB"]
[Date "2017.03.23"]
[Round "1.1"]
[White "Pap,M"]
[Black "Antic,De"]
[Result "1-0"]
[WhiteElo "2493"]
[BlackElo "2478"]

1.e4 e6 2.d4 d5 3.Nd2 c5 4.Ngf3 Nf6 5.e5 Nfd7 6.c3 Nc6 7.Bd3 Be7 8.O-O a5
9.Bb5 Na7 10.Ba4 b5 11.Bc2 Ba6 12.Re1 Nc6 13.Nf1 b4 14.Ng3 Rc8 15.a3 bxc3
16.bxc3 Qc7 17.Bb1 Qa7 18.h4 h6 19.Be3 Nb6 20.Nh5 Kf8 21.Nd2 cxd4 22.cxd4 g6
23.Nf4 Ke8 24.Qg4 h5 25.Qh3 Nd8 26.Qg3 Kd7 27.Nf3 Nc4 28.Bc2 Bb5 29.Bd3 Ba6
30.Bxc4 Bxc4 31.Rec1 a4 32.Nh3 Bb3 33.Rxc8 Kxc8 34.Bg5 Re8 35.Nd2 Qxd4 36.Nxb3
axb3 37.Rc1+ Kd7 38.Qxb3 Bxg5 39.Nxg5 Qxe5 40.Nxf7 Qf4 41.Qb2 Qxf7 42.Qb5+ Ke7
43.Rc7+ Kf8 44.Rxf7+ Nxf7 45.a4 {#r} 1-0

[Event "11th ch-SRB 2017"]
[Site "masterchessopen.com Kragujevac SRB"]
[Date "2017.03.23"]
[Round "1.4"]
[White "Perunovic,Mil"]
[Black "Todorovic,GM"]
[Result "1-0"]
[WhiteElo "2611"]
[BlackElo "2457"]

1.e4 c5 2.Nf3 e6 3.Nc3 Nc6 4.Be2 Nf6 5.O-O Qb6 6.Re1 Be7 7.e5 Ng4 8.Bb5 Nd4
9.Bc4 f5 10.d3 a6 11.a4 Qc6 12.h3 Nh6 13.Nxd4 cxd4 14.Ne2 Nf7 15.Nxd4 Qc7
16.Nf3 g5 17.Qe2 h5 18.d4 g4 19.Nh2 b6 20.d5 Bb7 21.Bf4 Rg8 22.Rad1 Rg6
23.hxg4 hxg4 24.Nf1 Bg5 25.Bxg5 Nxg5 26.Ng3 Qc5 27.Qd3 Rg7 28.Nh5 Rf7 29.Nf4
Re7 30.dxe6 {#r} 1-0

[Event "90th ch-St Petersburg"]
[Site "masterchessopen.com St Petersburg RUS"]
[Date "2017.03.23"]
[Round "6.1"]
[White "Azimov,Ilyas"]
[Black "Schekachikhin,Maksim"]
[Result "0-1"]
[WhiteElo "2138"]
[BlackElo "2380"]

1.d4 Nf6 2.c4 e6 3.Nc3 Bb4 4.e3 c5 5.Ne2 cxd4 6.exd4 O-O 7.a3 Be7 8.Nf4 d6
9.Be2 e5 10.Nfd5 Nxd5 11.Nxd5 Nc6 12.Nxe7+ Qxe7 13.d5 Nd4 14.O-O f5 15.f4 Bd7
16.Re1 Qh4 17.g3 Qh3 18.Be3 Nxe2+ 19.Qxe2 b6 20.b4 Rae8 21.Qg2 Qh5 22.Rac1 g5
23.Bd2 gxf4 24.gxf4+ Kf7 25.Kh1 Rg8 26.Qf2 e4 27.c5 bxc5 28.bxc5 dxc5 29.Rxc5
Rc8 30.Be3 Rxc5 31.Bxc5 a6 32.Qe2 Qh3 33.d6 e3 34.Qc4+ Be6 35.Qxe6+ Kxe6
36.Rxe3+ Qxe3 37.Bxe3 Kxd6 38.Bf2 Kd5 39.Bh4 Kc4 40.Bg5 Kb3 41.Be7 a5 42.h3 a4
43.Kh2 Kb2 44.Bc5 Rb8 {#R} 0-1

[Event "90th ch-St Petersburg"]
[Site "masterchessopen.com St Petersburg RUS"]
[Date "2017.03.23"]
[Round "6.2"]
[White "Dilmukhametov,Artur"]
[Black "Levin,Ev"]
[Result "0-1"]
[WhiteElo "2298"]
[BlackElo "2518"]

1.e4 c5 2.Nf3 d6 3.Bb5+ Bd7 4.Bxd7+ Qxd7 5.O-O Nc6 6.c3 Nf6 7.d4 Nxe4 8.d5 Ne5
9.Re1 Nxf3+ 10.Qxf3 Nf6 11.c4 e5 12.dxe6 fxe6 13.Nc3 Be7 14.Bg5 O-O-O 15.Rad1
Rhe8 16.a3 d5 17.Bxf6 Bxf6 18.cxd5 exd5 19.Rxe8 Rxe8 20.Nxd5 Bxb2 21.h4 Bd4
22.Nf4 Qf5 23.g3 Qe4 24.Qh5 g6 25.Qg4+ Qf5 26.Qf3 h6 27.Qb3 g5 28.hxg5 hxg5
29.Rb1 b6 30.Qb5 Qd7 31.Qa6+ Qb7 32.Qb5 Rh8 33.Ng2 Qf3 34.Qf1 Qxg3 35.Qa6+ Kd8
{#R} 0-1

[Event "90th ch-St Petersburg"]
[Site "masterchessopen.com St Petersburg RUS"]
[Date "2017.03.23"]
[Round "6.4"]
[White "Alekseenko,K"]
[Black "Pershin,Denis"]
[Result "1-0"]
[WhiteElo "2588"]
[BlackElo "2306"]

1.e4 c5 2.Nf3 Nc6 3.Bb5 e6 4.Bxc6 bxc6 5.Qe2 Ne7 6.d3 Ng6 7.h4 Qf6 8.e5 Qf5
9.h5 Nf4 10.Bxf4 Qxf4 11.Nbd2 Qb4 12.O-O-O Rb8 13.Nc4 Ba6 14.c3 Qb7 15.h6 Qc7
16.hxg7 Bxg7 17.Nd6+ Ke7 18.Qe3 Qb6 19.Qg5+ Kf8 20.b3 Qd8 21.Qf4 Qe7 22.Rh6
Kg8 23.Rf6 {#r} 1-0

[Event "90th ch-St Petersburg"]
[Site "masterchessopen.com St Petersburg RUS"]
[Date "2017.03.23"]
[Round "6.6"]
[White "Duzhakov,I"]
[Black "Saveliev,Alexei"]
[Result "1-0"]
[WhiteElo "2424"]
[BlackElo "2362"]

1.d4 Nf6 2.c4 e6 3.Nf3 b6 4.g3 Bb7 5.Bg2 Be7 6.O-O O-O 7.Re1 d5 8.cxd5 exd5
9.Nc3 Na6 10.Bf4 c5 11.Rc1 Nc7 12.dxc5 bxc5 13.Qb3 Rb8 14.Nb5 Nfe8 15.Nxc7
Nxc7 16.Qa4 a6 17.Nd4 Kh8 18.Nf5 Bg5 19.Rxc5 Bxf4 20.Qxf4 Ne6 21.Qe5 d4 22.Bd5
Qg5 23.Bxe6 fxe6 24.Nxd4 Qd2 25.Rf1 Bd5 26.Rc7 Qh6 27.b3 Rf6 28.e4 Ba8 29.Rf7
Re8 30.Re7 Ref8 31.Rxe6 Qg6 32.Re1 Rxe6 33.Qxe6 Qg5 34.Nf5 Qd2 35.Rf1 Qxa2
36.Qe5 Rg8 37.Nxg7 Rxg7 38.Rd1 {#r} 1-0

[Event "ch-MGL 2017"]
[Site "masterchessopen.com Dadal MGL"]
[Date "2017.03.23"]
[Round "8.2"]
[White "Ariunbuuvei,B"]
[Black "Urtnasan,N"]
[Result "0-1"]
[WhiteElo "2194"]
[BlackElo "2357"]

1.d4 Nf6 2.Bg5 e6 3.e4 h6 4.Bxf6 Qxf6 5.Nc3 Bb4 6.a3 Bxc3+ 7.bxc3 e5 8.Nf3 d6
9.Bb5+ c6 10.Bd3 Bg4 11.Be2 O-O 12.h3 Bh5 13.O-O Re8 14.Qd3 Nd7 15.Rfe1 Nf8
16.Rab1 Re7 17.Nd2 Bxe2 18.dxe5 dxe5 19.Qxe2 Qd6 20.a4 Rd8 21.Nc4 Qc5 22.Red1
Red7 23.Rxd7 Rxd7 24.a5 g6 25.g3 h5 26.h4 Nh7 27.Kg2 Nf6 28.Rb4 Kf8 29.Qf3 Ke7
30.Qe2 Ng4 31.Qf3 b5 32.axb6 axb6 33.Nb2 b5 34.Qe2 Qxc3 35.Rb3 Qd2 36.Qxd2
Rxd2 37.c4 Nxf2 38.cxb5 Nd1+ {#R} 0-1

[Event "ch-MGL 2017"]
[Site "masterchessopen.com Dadal MGL"]
[Date "2017.03.23"]
[Round "8.4"]
[White "Batsuren,Dambasuren"]
[Black "Galmandakh,Badrakh"]
[Result "0-1"]
[WhiteElo "2194"]
[BlackElo "2256"]

1.d4 d6 2.Nf3 Nf6 3.c4 Bf5 4.Nc3 c6 5.g3 h6 6.Bg2 Nbd7 7.O-O e5 8.Nh4 Bh7 9.e4
Be7 10.Re1 O-O 11.b3 Re8 12.Bb2 Qc7 13.Qd2 Rad8 14.Rad1 Bf8 15.h3 a5 16.Kh1
exd4 17.Qxd4 Nc5 18.f4 Qe7 19.Kh2 Ncxe4 20.Nxe4 Nxe4 21.Bxe4 Bxe4 22.Nf5 Bxf5
23.Rxe7 Rxe7 24.g4 Re2+ 25.Kg1 Bd7 26.Rd2 Re1+ 27.Kf2 Rde8 28.Qb6 Be7 29.Qxb7
Bc8 30.Qxc6 Bh4+ 31.Kg2 R1e7 32.Kh2 Bb7 33.Qb6 Re2+ {#R} 0-1

[Event "ch-MGL 2017"]
[Site "masterchessopen.com Dadal MGL"]
[Date "2017.03.23"]
[Round "9.1"]
[White "Ganerdene,Sugar"]
[Black "Altanbayar,Tserenpeljee"]
[Result "1-0"]
[WhiteElo "2063"]
[BlackElo "1952"]

1.e4 c5 2.Nf3 Nc6 3.d4 cxd4 4.Nxd4 Qc7 5.Nc3 e6 6.a3 Nf6 7.Be2 a6 8.O-O b5
9.Kh1 b4 10.axb4 Bxb4 11.Nxc6 Qxc6 12.Bf3 Bxc3 13.bxc3 Bb7 14.Qd4 Nxe4 15.Rb1
d5 16.Rb6 Qc7 17.Bxe4 dxe4 18.Qa4+ Kd8 19.Rd1+ Kc8 20.Bf4 Rd8 21.Rxd8+ Qxd8
22.Qc4+ Kd7 23.Rd6+ Ke7 24.Rxd8 {#r} 1-0

[Event "ch-MGL 2017"]
[Site "masterchessopen.com Dadal MGL"]
[Date "2017.03.23"]
[Round "9.3"]
[White "Galmandakh,Badrakh"]
[Black "Bilguun,Sumiya"]
[Result "0-1"]
[WhiteElo "2256"]
[BlackElo "2444"]

1.Nf3 Nf6 2.g3 g6 3.Bg2 Bg7 4.O-O O-O 5.d3 d5 6.Nbd2 Nc6 7.e4 e5 8.Re1 Re8
9.c3 a5 10.exd5 Nxd5 11.a4 h6 12.Nc4 Bf5 13.Qb3 Bxd3 14.Ncxe5 Bxe5 15.Bxh6 Nb6
16.Nxe5 Nxe5 17.Rad1 Qf6 18.Be3 Bc4 {#R} 0-1

[Event "ch-MGL 2017"]
[Site "masterchessopen.com Dadal MGL"]
[Date "2017.03.23"]
[Round "9.4"]
[White "Enkhnar,E"]
[Black "Batsuren,Dambasuren"]
[Result "0-1"]
[WhiteElo "2447"]
[BlackElo "2194"]

1.c4 Nf6 2.Nc3 e6 3.e4 d5 4.e5 d4 5.exf6 dxc3 6.bxc3 Qxf6 7.d4 c5 8.Nf3 Qd8
9.Be2 Be7 10.O-O O-O 11.Ne5 Nd7 12.f4 Qc7 13.a4 Rd8 14.Be3 b6 15.a5 bxa5
16.Nc6 Qxc6 17.Bf3 Qc7 18.Bxa8 Nb6 19.Be4 Nxc4 20.Bxh7+ Kf8 21.Qe2 Nxe3
22.Qxe3 cxd4 23.cxd4 Bf6 24.Qa3+ Qe7 25.Kh1 Qxa3 26.Rxa3 g6 27.Rxa5 a6 28.d5
exd5 29.f5 g5 30.Rc5 d4 31.Rfc1 Bb7 32.Rc7 Bd5 33.Rc8 Rxc8 34.Rxc8+ Kg7 {#R}
0-1

[Event "ch-MGL 2017"]
[Site "masterchessopen.com Dadal MGL"]
[Date "2017.03.23"]
[Round "9.6"]
[White "Amgalanbaatar,R"]
[Black "Ariunbuuvei,B"]
[Result "0-1"]
[WhiteElo "2125"]
[BlackElo "2194"]

1.e4 e5 2.Nf3 Nc6 3.d4 exd4 4.Nxd4 Bb4+ 5.c3 Bc5 6.Nxc6 bxc6 7.Bd3 d6 8.O-O
Ne7 9.Nd2 O-O 10.b4 Bb6 11.a4 a5 12.Nc4 Be6 13.Nxb6 cxb6 14.Qc2 Qc7 15.Rd1 h6
16.Bf4 Rad8 17.Bg3 Qc8 18.Rd2 d5 19.f3 c5 20.bxa5 bxa5 21.Bh4 f6 22.e5 g5
23.exf6 Rxf6 24.Bg3 Nc6 25.Bb5 Bf7 26.Rad1 Ne7 27.Bd3 Nc6 28.Qb2 c4 29.Bb1 d4
30.cxd4 Nb4 31.Rc1 Rc6 32.Rc3 Nd5 33.Be4 Rb6 34.Qc2 Nxc3 35.Bh7+ Kf8 36.Qxc3
Rd5 37.Be4 Rb3 38.Qc1 Rd8 39.Be5 c3 40.Rf2 Qc4 41.h4 Rxd4 42.Bc2 Rd5 43.Bxb3
Qxb3 44.Qxc3 Rd1+ 45.Rf1 Qb6+ 46.Kh2 Rxf1 47.Qc8+ Ke7 {#R} 0-1